[Event "Avoine op 27th"]
[Site "Avoine"]
[Date "2012.07.23"]
[Round "3"]
[White "Come, Alexandre"]
[Black "Tache, Benjamin"]
[Result "0-1"]
[WhiteElo "2204"]
[BlackElo "1985"]
[PlyCount "60"]
[EventDate "2012.07.21"]
[EventType "swiss"]
[EventRounds "9"]
[EventCountry "FRA"]
[SourceTitle "CBM 149 Extra"]
[Source "ChessBase"]
[SourceDate "2012.08.24"]
[SourceVersion "1"]
[SourceVersionDate "2012.08.24"]
[SourceQuality "1"]

1. e4 c6 2. Nc3 d5 3. Nf3 g6 4. exd5 cxd5 5. Bb5+ Bd7 6. Qe2 Nf6 7. Ne5 Bg7 8. Bxd7+ Nfxd7 9. Nf3 d4 10. Ne4 0-0 11. 0-0 Nc6 12. d3 h6 13. c4 f5 14. Ng3 e5 15. b4 e4 16. Ne1 Re8 17. Rb1 exd3 18. Qxd3 Nde5 19. Qb3 d3 20. c5+ Kh7 21. Bb2 Nd4 22. Bxd4 Qxd4 23. Rd1 Rad8 24. Nc2 Qc4 25. Qxc4 Nxc4 26. Ne1 Nb2 27. Rd2 Bc3 28. Nf3 Bxd2 29. Nxd2 Re2 30. Nb3 d2 0-1

[Event "Avoine op 27th"]
[Site "Avoine"]
[Date "2012.07.22"]
[Round "2"]
[White "Louis, Christian"]
[Black "Come, Alexandre"]
[Result "1/2-1/2"]
[WhiteElo "1994"]
[BlackElo "2204"]
[PlyCount "96"]
[EventDate "2012.07.21"]
[EventType "swiss"]
[EventRounds "9"]
[EventCountry "FRA"]
[SourceTitle "CBM 149 Extra"]
[Source "ChessBase"]
[SourceDate "2012.08.24"]
[SourceVersion "1"]
[SourceVersionDate "2012.08.24"]
[SourceQuality "1"]

1. e4 c5 2. Nf3 e6 3. d4 cxd4 4. Nxd4 a6 5. f4 b5 6. Be3 Bb7 7. Bd3 Qc7 8. 0-0 Nf6 9. Nd2 Nc6 10. c3 Be7 11. Qf3 d6 12. Qg3 g6 13. N4f3 Rd8 14. a4 b4 15. Nc4 Qb8 16. Bb6 Rc8 17. e5 Nd5 18. f5 Nxb6 19. Nxb6 Qa7 20. Qf2 Rd8 21. fxe6 fxe6 22. Rae1 0-0 23. exd6 Bxd6 24. Bc4 Ne5 25. Bxe6+ Kg7 26. Qd4 Bc7 27. Nd5 Qxd4+ 28. Nxd4 Rxd5 29. Bxd5 Bxd5 30. Nc2 bxc3 31. bxc3 Bc4 32. Rxf8 Kxf8 33. Ne3 Bb3 34. Rf1+ Ke7 35. Rf4 Ke6 36. Kf1 a5 37. Ke2 Bb6 38. Kd2 g5 39. Rf8 Nc4+ 40. Nxc4 Bxc4 41. Rh8 Bg1 42. Rxh7 Bb3 43. h4 Bxa4 44. hxg5 Be8 45. Rh6+ Kf5 46. Ra6 a4 47. g6 Bxg6 48. Rxa4 Ke5 1/2-1/2

[Event "Syre Memorial op 34th"]
[Site "Issy les Moulineaux"]
[Date "2011.06.05"]
[Round "6"]
[White "Come, Alexandre"]
[Black "Rodriguez, Adrien"]
[Result "1-0"]
[WhiteElo "2174"]
[BlackElo "1884"]
[PlyCount "69"]
[EventDate "2011.06.03"]
[EventType "swiss"]
[EventRounds "6"]
[EventCountry "FRA"]
[SourceTitle "EXT 2012"]
[Source "ChessBase"]
[SourceDate "2011.11.24"]
[SourceVersion "1"]
[SourceVersionDate "2011.11.24"]
[SourceQuality "1"]

1. d4 Nf6 2. Bg5 c5 3. d5 d6 4. Nc3 g6 5. e4 Bg7 6. f4 0-0 7. Nf3 Nbd7 8. Be2 a6 9. a4 Qb6 10. Qd3 Ng4 11. Nd1 Ndf6 12. Nd2 h6 13. Nc4 Qc7 14. Bh4 Nh5 15. 0-0 Bh8 16. h3 Ngf6 17. g4 Ng7 18. a5 Re8 19. e5 Nd7 20. Bxe7 dxe5 21. d6 Qb8 22. fxe5 b5 23. axb6 Nxb6 24. Nde3 Ne6 25. Nxb6 Qxb6 26. Nc4 Qa7 27. Rxf7 Kxf7 28. Rf1+ Kg7 29. Rf6 Nf4 30. Rxf4 Be6 31. Rf6 Bf7 32. Qf3 Bxc4 33. Bxc4 Kh7 34. Rf7+ Bg7 35. Rxg7+ 1-0

[Event "FRA-ch blitz"]
[Site "Paris"]
[Date "2009.01.25"]
[Round "2"]
[White "Come, Alexandre"]
[Black "Bauer, Christian"]
[Result "0-1"]
[WhiteElo "2185"]
[BlackElo "2592"]
[PlyCount "47"]
[EventDate "2009.01.25"]
[EventType "swiss (blitz)"]
[EventRounds "13"]
[EventCountry "FRA"]
[SourceTitle "EXT 2011"]
[Source "ChessBase"]
[SourceDate "2010.11.26"]
[SourceVersion "1"]
[SourceVersionDate "2010.11.26"]
[SourceQuality "1"]

1. Nf3 b6 2. c4 Bb7 3. e3 e6 4. b3 f5 5. Bb2 Nf6 6. d3 Be7 7. Be2 0-0 8. 0-0 c5 9. Qc2 Na6 10. a3 Qe8 11. Nbd2 Nc7 12. e4 Nh5 13. Ne1 Nf4 14. Bf3 d6 15. g3 Nh3+ 16. Kg2 Ng5 17. Be2 Qg6 18. f3 e5 19. h4 Nge6 20. Kh2 f4 21. Rg1 Qh6 22. Ng2 fxg3+ 23. Kxg3 Nf4 24. Qd1 0-1

[Event "Syre Memorial op 29th"]
[Site "Issy les Moulineaux"]
[Date "2006.05.28"]
[Round "6"]
[White "Calistri, Tristan"]
[Black "Come, Alexandre"]
[Result "1-0"]
[WhiteElo "2389"]
[BlackElo "2132"]
[PlyCount "65"]
[EventDate "2006.05.25"]
[EventType "swiss"]
[EventRounds "6"]
[EventCountry "FRA"]
[SourceTitle "EXT 2007"]
[Source "ChessBase"]
[SourceDate "2006.11.23"]
[SourceVersion "1"]
[SourceVersionDate "2006.11.23"]
[SourceQuality "1"]

1. e4 g6 2. d4 Bg7 3. Nc3 d6 4. f4 a6 5. Nf3 b5 6. Bd3 Nd7 7. e5 Bb7 8. 0-0 Nh6 9. a4 b4 10. Ne4 0-0 11. c3 c5 12. a5 Rb8 13. Qe2 c4 14. Bb1 bxc3 15. bxc3 Qc7 16. Bc2 Rfe8 17. Ba3 f6 18. Ba4 fxe5 19. fxe5 dxe5 20. Neg5 e4 21. Nxe4 Nf5 22. Nc5 Nxc5 23. Qxc4+ e6 24. Bxe8 Ne3 25. Qxc5 Qxc5 26. Bxc5 Nxf1 27. Bd7 Bxf3 28. Bxe6+ Kh8 29. gxf3 Nd2 30. Bd5 Rb2 31. Re1 Bh6 32. Re8+ Kg7 33. Bf8+ 1-0

[Event "FRA-ch op-A"]
[Site "Aix les Bains"]
[Date "2003.08.23"]
[Round "5"]
[White "Kessler, Martin"]
[Black "Come, Alexandre"]
[Result "1-0"]
[WhiteElo "2109"]
[BlackElo "2047"]
[PlyCount "99"]
[EventDate "2003.08.19"]
[EventType "swiss"]
[EventRounds "11"]
[EventCountry "FRA"]
[SourceTitle "EXT 2004"]
[Source "ChessBase"]
[SourceDate "2003.11.25"]
[SourceVersion "1"]
[SourceVersionDate "2003.11.25"]
[SourceQuality "1"]

1. e4 c5 2. Nf3 a6 3. d4 cxd4 4. Nxd4 Nf6 5. f3 e5 6. Nb3 d5 7. Bg5 d4 8. c3 dxc3 9. Qxd8+ Kxd8 10. Nxc3 Bb4 11. 0-0-0+ Bd7 12. Nd5 Be7 13. Nb6 Ra7 14. Be3 Nc6 15. Nxd7 Nxd7 16. Bxa7 Nxa7 17. Bc4 Kc7 18. Bxf7 Nb5 19. Be6 Nb6 20. a4 Bg5+ 21. Kb1 Nxa4 22. Rd7+ Kb6 23. Bd5 Rb8 24. Rxg7 h6 25. h4 Be3 26. g4 Nd4 27. Nxd4 exd4 28. g5 d3 29. gxh6 Bd4 30. Rh2 Nc5 31. Rg8 Rxg8 32. Bxg8 Kb5 33. h7 a5 34. Bd5 a4 35. f4 Bh8 36. e5 a3 37. bxa3 Na4 38. Bb3 Nc3+ 39. Kc1 Ne4 40. Bd5 d2+ 41. Rxd2 Nxd2 42. Kxd2 Kb6 43. Ke3 Kc7 44. Ke4 b5 45. Kf5 Kd7 46. Kg6 Ke7 47. Bc6 Kf8 48. f5 b4 49. f6 bxa3 50. e6 1-0

[Event "Syre Memorial op 26th"]
[Site "Issy les Moulineaux"]
[Date "2003.05.31"]
[Round "3.24"]
[White "Come, Alexandre"]
[Black "Slavkov, Ivan"]
[Result "0-1"]
[WhiteElo "2057"]
[BlackElo "2176"]
[PlyCount "86"]
[EventDate "2003.05.29"]
[EventType "swiss"]
[EventRounds "6"]
[EventCountry "FRA"]
[SourceTitle "CBM 094 Extra"]
[Source "ChessBase"]
[SourceDate "2003.07.09"]
[SourceVersion "2"]
[SourceVersionDate "2003.07.09"]
[SourceQuality "1"]

1. d4 Nf6 2. Bg5 d5 3. Nd2 Bf5 4. e3 e6 5. Bd3 Bxd3 6. cxd3 h6 7. Bh4 c6 8. Ngf3 Be7 9. 0-0 Nbd7 10. e4 Nf8 11. Qb3 Qb6 12. e5 Ng8 13. a4 Ng6 14. Bg3 Bb4 15. a5 Bxa5 16. Rxa5 Qxa5 17. Qxb7 Qd8 18. Qxc6+ Kf8 19. Rc1 N8e7 20. Qd6 Kg8 21. Rc7 Qe8 22. Rd7 Nc8 23. Qc7 Nb6 24. Rd6 Qe7 25. Qc5 Kh7 26. h4 Rhc8 27. Qa5 Qc7 28. Nb3 Ne7 29. Nc5 Nf5 30. Qd2 Nxd4 31. Nxd4 Qxc5 32. Ne2 Rc7 33. Qf4 Qc2 34. Qf3 Qd1+ 35. Kh2 Kg8 36. Bf4 Rc2 37. Bxh6 Qxe2 38. Qg3 g6 39. Qg5 Qxf2 40. b4 Qf5 41. Rd8+ Rxd8 42. Qxd8+ Kh7 43. Bg5 Qg4 0-1

[Event "Saint Quentin op 5th"]
[Site "Saint Quentin"]
[Date "2002.??.??"]
[Round "2"]
[White "Come, Alexandre"]
[Black "Juquois, Jacky"]
[Result "1-0"]
[WhiteElo "2097"]
[BlackElo "1550"]
[PlyCount "45"]
[EventDate "2002.04.21"]
[EventType "swiss"]
[EventRounds "9"]
[EventCountry "FRA"]
[SourceTitle "CBM 088 Extra"]
[Source "ChessBase"]
[SourceDate "2002.07.01"]
[SourceVersion "2"]
[SourceVersionDate "2002.07.01"]
[SourceQuality "1"]

1. d4 d5 2. Bg5 Nd7 3. Nd2 Ngf6 4. Ngf3 e6 5. e3 Be7 6. Bd3 c5 7. c3 0-0 8. Ne5 Nxe5 9. dxe5 Nd7 10. Bxe7 Qxe7 11. f4 Rd8 12. Qh5 h6 13. Nf3 c4 14. Bc2 Qc5 15. Ke2 Nf8 16. g4 Bd7 17. g5 hxg5 18. Nxg5 g6 19. Qh6 Qe7 20. Rag1 f5 21. exf6 Qxf6 22. Nxe6 Bxe6 23. Bxg6 1-0